[Event "46th GRE-chT Premier 2018"]
[Site "Rio Achaia"]
[Date "2018.07.12"]
[Round "4"]
[White "Almasi, Zoltan"]
[Black "Mastrovasilis, Dimitrios"]
[Result "1/2-1/2"]
[WhiteElo "2699"]
[BlackElo "2580"]
[Annotator "TA"]
[PlyCount "75"]
[EventDate "2018.07.10"]
[EventType "team-tourn"]
[EventCountry "GRE"]
[SourceTitle "playchess.com"]
[Source "ChessBase"]
[SourceQuality "1"]

{[%evp 11,75,23,20,10,13,5,19,6,30,23,37,34,29,16,35,22,21,20,17,7,0,0,0,-6,0,0,0,0,0,0,0,-4,-4,-16,0,-10,0,0,0,0,0,0,0,0,0,0,0,0,0,0,0,0,0,0,0,0,0,0,0,0,0,0,0,0,4,0]} 1. e4 e5 2. Nf3 Nf6 3. Nxe5 d6 4. Nf3 Nxe4 5. Bd3 Nf6 6. O-O {C42: Petroff Defence: 3 Nxe5 and unusual White 3rd moves} Be7 {LiveBook: 94 Games} 7. Re1 O-O 8. Bf1 Nc6 (8... Re8 9. d4 Nbd7 10. c4 Nf8 11. Nc3 Ng6 12. h3 c6 13. d5 cxd5 14. Nxd5 Nxd5 15. Qxd5 {½-½ (59) Grischuk,A (2766)-Giri,A (2782) Leuven 2018}) 9. d4 Bg4 10. c3 Qd7 $146 ({Predecessor:} 10... d5 11. Bf4 Ne4 12. c4 Bh4 13. Be3 Qf6 {1-0 (53) Aketayeva,D (2078)-Khachatorian,Y (2050) Teheran 2001}) 11. h3 Bh5 12. Nbd2 Rae8 13. b4 {[%cal Bb2b4,Bb4b5][%mdl 32]} Bd8 {The position is equal.} 14. Rxe8 Rxe8 15. b5 Ne7 {[%cal Bc6e7,Be7d5,Bd5f4,Bf4e6][%mdl 32]} 16. a4 Ned5 17. Ra3 c6 18. c4 {[#] Hoping for bxc6.} Nf4 19. Re3 Rxe3 20. fxe3 Ne6 21. Qb3 c5 22. Bb2 Qe7 23. Qc3 h6 24. d5 Ng5 25. Nxg5 hxg5 26. g4 Bg6 {[#] ...Ba5! is the strong threat.} 27. Kf2 Qe4 28. Nxe4 Nxe4+ 29. Kf3 {[%csl Gb2][%cal Rc3g7]} Nxc3 30. Bxc3 $11 {[%mdl 4096] Endgame KBB-KBB} Bc2 31. a5 Bd1+ 32. Be2 Bc2 33. e4 Bf6 34. Bxf6 gxf6 35. Ke3 b6 36. axb6 axb6 37. Bf3 Kg7 38. Be2 {Precision: White = 73%, Black = 66%.} 1/2-1/2

[Event "46th GRE-chT Premier 2018"]
[Site "Rio Achaia"]
[Date "2018.07.12"]
[Round "4"]
[White "Saric, Ivan"]
[Black "Fedorchuk, Sergey A"]
[Result "1/2-1/2"]
[WhiteElo "2689"]
[BlackElo "2626"]
[Annotator "TA"]
[PlyCount "69"]
[EventDate "2018.07.10"]
[EventType "team-tourn"]
[EventCountry "GRE"]
[SourceTitle "playchess.com"]
[Source "ChessBase"]
[SourceQuality "1"]

{[%evp 10,69,36,36,48,30,31,24,39,34,64,0,-5,4,0,6,77,79,72,70,137,129,285,206,129,127,121,129,122,122,126,122,119,111,128,129,111,108,149,97,87,39,35,0,3,0,0,0,0,0,0,0,0,0,0,0,0,0,0,0,0,0]} 1. e4 e5 2. Nf3 Nc6 3. Bb5 Nf6 4. d3 Ne7 5. Nc3 (5. Ba4 Ng6 6. h4 h5 7. c4 c6 8. Nc3 d6 9. Ng5 Be7 10. g3 Nf8 11. f3 Ne6 12. Be3 O-O {1-0 (64) Wei,Y (2706)-Ma,Z (2468) China 2015}) 5... c6 6. Bc4 {LiveBook: 6 Partien. C65: Spanische Partie (Berliner-Verteidigung)} d6 7. O-O $146 ({Vorgänger:} 7. d4 exd4 8. Qxd4 Ng6 9. h4 Qb6 10. Be3 Qxd4 11. Bxd4 Ng4 12. h5 N6e5 {1-0 (77) Matinian,N (2514)-Soysal,S (2406) Batumi 2018}) 7... h6 8. d4 {Weiß steht etwas besser.} Qc7 9. Nh4 g6 10. f4 (10. Be3 $14) 10... exd4 $11 11. Qxd4 Bg7 12. e5 $36 {[%mdl 2048] Weiss steht aktiver.} dxe5 {[#]} (12... Nfd5 $1 $11 {bleibt in der Remisbreite.}) 13. Bxf7+ $1 $16 {[%mdl 512]} Kxf7 14. fxe5 Rd8 ({Günstiger ist} 14... Nf5 $1 $14 15. Nxf5 gxf5) 15. Qf4 Be6 $2 (15... Kg8 $16 16. exf6 Qxf4 17. Rxf4 g5) 16. exf6 Qxf4 17. Bxf4 Bxf6 18. Be5 ({Keinesfalls} 18. Bxh6 $6 Nf5 $11) 18... Bf5 19. Bxf6 Kxf6 20. Rae1 {Schwarz muss nun g4 beachten.} Rd4 21. Nf3 Rb4 22. Ne5 h5 23. h3 h4 24. b3 (24. Ng4+ $142 Kf7 25. b3) 24... Nd5 25. a3 Rd4 26. Nf3 Rf4 {Die Stellung ist ausgeglichen.} 27. Ne2 Re4 28. c4 Nf4 29. Ned4 Rae8 30. Rxe4 Rxe4 31. Nxf5 gxf5 32. Nd2 Rd4 33. Nf3 Re4 34. Nd2 Rd4 35. Nf3 {Precision: Weiß = 60%, Schwarz = 54%.} 1/2-1/2

[Event "46th GRE-chT Premier 2018"]
[Site "Rio Achaia"]
[Date "2018.07.12"]
[Round "4"]
[White "Yilmaz, Mustafa"]
[Black "Bednarek, Sylwester"]
[Result "1-0"]
[WhiteElo "2624"]
[BlackElo "2307"]
[Annotator "TA"]
[PlyCount "85"]
[EventDate "2018.07.10"]
[EventType "team-tourn"]
[EventCountry "GRE"]
[SourceTitle "playchess.com"]
[Source "ChessBase"]
[SourceQuality "1"]

{[%evp 19,85,33,60,49,36,38,47,33,61,37,26,29,46,54,78,78,78,72,86,81,116,100,107,102,126,106,182,164,190,186,183,183,187,189,187,187,176,187,170,178,183,181,175,180,250,240,364,352,354,354,338,345,338,335,502,525,493,426,672,665,656,615,1589,1566,1714,1573,1436,1256]} 1. d4 Nf6 2. c4 g6 3. Nc3 Bg7 4. e4 d6 5. Nf3 O-O 6. Be2 e5 7. O-O Na6 8. Be3 Ng4 9. Bg5 f6 10. Bh4 c6 {LiveBook: 12 Games. E94: King's Indian: Classical: 6 Be2 e5 7 0-0: Various Black 7th moves} 11. c5 {Black must now prevent cxd6.} exd4 12. Nxd4 dxc5 {White is slightly better.} 13. Qb3+ Kh8 14. Ne6 Bxe6 15. Qxe6 Ne5 {[#]} 16. f4 $146 {[#] Threatens to win with Bxa6.} ({Predecessor:} 16. Bxa6 bxa6 17. Rad1 Qb6 18. f4 {½-½ (42) Bogner,S (2527)-Nisipeanu,L (2668) Ortisei 2016}) 16... Qd7 17. Qxd7 Nxd7 18. Rad1 Nb6 19. Bf2 Nc7 20. Bxc5 {a4 is the strong threat.} Rfe8 21. a4 {[%cal Ba2a4,Ba4a5][%mdl 32] Hoping for a5.} Ne6 22. Be3 {aiming for a5.} Bf8 (22... Nc7 $16 {was worth a try.}) 23. a5 $18 Nc8 24. f5 gxf5 25. Bh5 Rd8 26. exf5 Rxd1 27. Rxd1 ({Resist} 27. Nxd1 $6 Nc7 $16) 27... Ng7 28. Rd8 $36 {[%cal Rd8f8][%mdl 2048] [#] White is really pushing.} Nb6 29. Bxb6 Rxd8 30. Bxd8 Nxh5 {[%mdl 4096] Endgame KBN-KBN} 31. Ne4 Bb4 (31... Nf4 $142) 32. Kf2 (32. Nxf6 Bxa5 33. Bxa5 Nxf6 $16) 32... Kg7 (32... Nf4 {was necessary.} 33. Bxf6+ Kg8) 33. Kf3 Kf7 34. g4 {[%cal Bg2g4,Bg4g5,Bg5g6][%mdl 32]} Ng7 35. a6 ({Not} 35. Nxf6 Bxa5 36. Bxa5 Kxf6 $16) 35... bxa6 36. Bxf6 ({Weaker is} 36. Nxf6 h6 $16) 36... Ne8 (36... Ba5 $142 37. Bd4 Ne8 38. Bxa7 Bd8) 37. Be5 {White is clearly winning.} a5 38. b3 Be7 (38... Ng7 $142 39. h4 a6) 39. g5 Bd8 40. h4 {[%cal Bh2h4,Bh4h5][%mdl 32]} Nc7 41. h5 Nd5 42. g6+ Kg8 43. f6 {Precision: White = 94%, Black = 37%.} 1-0

[Event "46th GRE-chT Premier 2018"]
[Site "Rio Achaia"]
[Date "2018.07.12"]
[Round "4"]
[White "Banikas, Hristos"]
[Black "Nikolov, Momchil"]
[Result "1/2-1/2"]
[WhiteElo "2591"]
[BlackElo "2551"]
[Annotator "TA"]
[PlyCount "106"]
[EventDate "2018.07.10"]
[EventType "team-tourn"]
[EventCountry "GRE"]
[SourceTitle "playchess.com"]
[Source "ChessBase"]
[SourceQuality "1"]

{[%evp 18,106,18,6,25,14,30,18,19,19,20,17,18,18,15,13,28,16,16,18,20,26,62,29,64,68,81,52,56,75,102,41,45,39,61,6,72,76,72,35,109,66,67,48,59,13,88,57,101,101,93,34,62,7,15,0,15,13,16,13,74,10,12,10,12,10,10,10,12,12,18,25,46,0,0,0,0,0,0,0,0,0,0,0,8,0,0,0,0,0,0]} 1. d4 Nf6 2. c4 e6 3. Nf3 b6 4. g3 Bb7 5. Bg2 Be7 6. O-O O-O 7. b3 c5 8. dxc5 bxc5 9. Bb2 {E17: Queen's Indian: 4 g3 Bb7 5 Bg2 Be7} d6 (9... Qc7 10. Nc3 a6 11. Qc2 Nc6 {1-0 (51) Khismatullin,D (2619)-Pridorozhni,A (2577) Khanty-Mansiysk 2016}) 10. Nc3 {LiveBook: 7 Games} Qb6 11. Qc2 {White has an edge.} h6 $146 ({Predecessor:} 11... Nc6 12. Rad1 Nb4 13. Qb1 a6 14. Rd2 Rfd8 15. Rfd1 Rd7 16. Na4 Qc7 17. Bxf6 Bxf6 {1-0 (51) Foisor,C (2424)-Skaperdas,K (2222) Chalkida 2009}) 12. Rad1 Rd8 13. Rd2 a6 14. Rfd1 Nc6 15. Qb1 Qc7 16. Ne1 Nd4 17. Ne4 Nxe4 18. Bxe4 Bxe4 19. Qxe4 Nf5 20. Ng2 Rab8 21. Qg4 Bf8 22. Nf4 Ne7 23. e4 e5 {[#]} 24. Nd5 (24. Ne2 $1 $16) 24... Nxd5 $14 25. Rxd5 Re8 26. f4 (26. Bc1 $14) 26... f6 (26... exf4 $11 27. Qxf4 Qa5) 27. Bc1 $16 Kh8 28. Qg6 Qc8 ({Black should try} 28... a5 $14) 29. fxe5 Rxe5 30. Bf4 Rxd5 31. Rxd5 ({Don't play} 31. cxd5 c4 $11) 31... Qe6 (31... Qc7 $11) 32. h4 Re8 33. Kf2 a5 {[#]} 34. Qf5 (34. a4 $1 $16) 34... a4 $14 35. Kf3 ({Much weaker is} 35. bxa4 g5 $11) (35. h5 $14) 35... axb3 36. axb3 Kg8 37. Qxe6+ Rxe6 $11 {[%mdl 4096] Endgame KRB-KRB} 38. h5 Kf7 (38... g5 $1 $11 {keeps the balance.} 39. hxg6 Kg7) 39. Rd2 ({White should play} 39. g4 $16) 39... g5 $1 {[%cal Rg5f4]} 40. hxg6+ Kxg6 41. g4 Kf7 42. Rd5 Kg6 43. Bh2 Kf7 44. Bg3 Kg6 45. Be1 Re8 {The position is equal.} 46. b4 (46. Ke3 {is interesting.} Ra8 47. Bg3 Rb8 48. Rd3 Kg5 49. Kf3) 46... cxb4 47. Bxb4 Rc8 48. Bxd6 Bxd6 49. Rxd6 Rxc4 {KR-KR} 50. e5 {[%cal Be4e5,Be5e6,Be6e7][%mdl 32]} Kg5 51. e6 {aiming for e7.} f5 52. gxf5 Kxf5 53. e7 Rf4+ $1 {Precision: White = 47%, Black = 50%.} 1/2-1/2

[Event "46th GRE-chT Premier 2018"]
[Site "Rio Achaia"]
[Date "2018.07.12"]
[Round "4"]
[White "Postny, Evgeny"]
[Black "Lupulescu, Constantin"]
[Result "1/2-1/2"]
[WhiteElo "2585"]
[BlackElo "2617"]
[Annotator "TA"]
[PlyCount "117"]
[EventDate "2018.07.10"]
[EventType "team-tourn"]
[EventCountry "GRE"]
[SourceTitle "playchess.com"]
[Source "ChessBase"]
[SourceQuality "1"]

{[%evp 11,117,-1,10,-12,0,-20,-11,-11,-4,-11,-4,-10,-15,-15,0,-1,0,3,-6,-14,-7,-6,0,0,17,0,29,29,29,21,41,26,30,21,21,21,21,21,21,25,25,21,21,14,56,26,36,26,56,56,56,56,56,0,26,0,47,23,25,14,14,14,21,21,21,21,21,21,21,19,27,21,21,2,2,2,2,2,10,10,10,10,10,10,14,14,14,14,14,14,14,14,14,0,14,14,14,14,14,14,14,14,14,14,14,14,14,0]} 1. d4 Nf6 2. c4 e6 3. Nf3 d5 4. Bg5 dxc4 5. Qa4+ Nbd7 6. e3 Be7 {LiveBook: 6 Games. D30: Queen's Gambit Declined: Systems without Nc3} (6... b5 7. Qxb5 Rb8 8. Qxc4 Rxb2 9. Nbd2 Bb7 10. Be2 Bxf3 11. Nxf3 Bb4+ 12. Kf1 Qb8 13. Bxf6 Nxf6 14. Qc6+ {½-½ (28) Andreikin,D (2712)-Anand,V (2767) chess.com INT 2018}) 7. Qxc4 c5 $146 ({Predecessor:} 7... a6 8. Qc2 O-O 9. Be2 b5 10. a4 Bb7 11. O-O c5 12. dxc5 Nxc5 13. Bxf6 gxf6 14. axb5 axb5 15. Rxa8 Qxa8 {0-1 (43) Gavrilov,A (2447)-Sjugirov,S (2545) Lipetsk 2008}) 8. Nbd2 cxd4 9. Nxd4 O-O 10. Be2 Qa5 11. Qb5 Qxb5 12. Bxb5 a6 13. Be2 Bb4 14. f3 h6 15. Bh4 Nd5 16. Bf2 e5 17. Nc2 Be7 18. O-O-O N5b6 19. e4 Nc5 20. Nc4 Nxc4 21. Bxc4 Be6 22. Bxc5 Bxc5 23. Bxe6 fxe6 24. Rd7 Rf7 25. Rhd1 Re8 26. b4 Ba7 27. R1d6 Bb8 28. Rd3 (28. Rd8 $5 {[%cal Rd8e8]} Bxd6 29. Rxe8+ Rf8 30. Rxf8+ (30. Rxe6 Rd8 $11) 30... Kxf8 31. Kb2 $11) 28... Kf8 29. Kb2 Rxd7 30. Rxd7 $11 {[%mdl 4096] Endgame KRB-KRN} Re7 $1 {[%cal Re7d7]} 31. Rd8+ Re8 32. Rd7 Re7 $1 {[%cal Re7d7]} 33. Rd8+ Re8 34. Rd3 Ke7 35. Kb3 Rc8 36. a4 Ba7 37. Rc3 Rxc3+ 38. Kxc3 {KB-KN} Kd6 39. Kc4 Bg1 40. h3 g5 41. Na3 b6 {The position is equal.} 42. a5 (42. Kb3 {looks sharper.} Bd4 43. Nc2 Kc6 44. Ne1 h5 45. Nc2) 42... bxa5 43. b5 axb5+ 44. Kxb5 Bd4 45. Nc4+ Kd7 46. Nxa5 h5 47. g4 h4 48. Nc6 Kd6 49. Nb4 Kd7 50. Nd3 Kd6 51. Kc4 Bb6 52. Kb5 Bd4 53. Ne1 Bf2 54. Nc2 Kd7 55. Na3 Bd4 56. Nc4 Kc7 57. Nd2 Be3 58. Nb3 Kd7 59. Na1 {Precision: White = 61%, Black = 58%.} 1/2-1/2

[Event "46th GRE-chT Premier 2018"]
[Site "Rio Achaia"]
[Date "2018.07.12"]
[Round "4"]
[White "Fier, Alexandr"]
[Black "Warmerdam, Max"]
[Result "1-0"]
[WhiteElo "2570"]
[BlackElo "2424"]
[Annotator "TA"]
[PlyCount "141"]
[EventDate "2018.07.10"]
[EventType "team-tourn"]
[EventCountry "GRE"]
[SourceTitle "playchess.com"]
[Source "ChessBase"]
[SourceQuality "1"]

{[%evp 29,141,25,37,25,18,0,0,0,16,18,24,22,27,29,17,23,34,45,33,27,24,12,18,20,81,31,39,20,18,22,51,48,53,22,21,32,25,33,93,55,83,57,57,46,37,54,48,56,129,102,110,107,103,102,120,113,98,104,152,102,129,107,287,270,283,302,290,280,279,263,263,252,231,223,203,193,617,576,534,602,514,514,672,675,668,612,632,531,668,660,647,653,645,617,818,653,741,653,644,646,643,632,1303,1252,1276,1181,1062,1461,1446,1461,1360,1390,1415,1372]} 1. e4 c5 2. Nf3 d6 3. d4 cxd4 4. Nxd4 Nf6 5. Nc3 a6 6. Be3 e5 7. Nb3 Be6 8. f3 Nbd7 9. Qd2 b5 10. g4 Nb6 11. g5 {B90: Sicilian Najdorf: Unusual White 6th moves, 6 Be3 Ng4 and 6 Be3 e5} Nh5 12. Nd5 Nxd5 13. exd5 Bd7 14. Na5 Be7 15. O-O-O Qc7 {LiveBook: 14 Games} 16. Rg1 (16. Kb1 O-O 17. Rg1 g6 18. c4 f6 19. Rc1 Bf5+ {0-1 (47) Dominguez Perez,L (2732)-Nepomniachtchi,I (2703) Sochi 2016}) 16... O-O 17. Bd3 g6 18. Kb1 Bd8 $146 ({Predecessor:} 18... Rac8) 19. Nc6 Bxc6 20. dxc6 d5 21. c3 $1 Qxc6 22. Bc2 Bb6 23. Bxb6 Qxb6 24. Qxd5 Rfe8 25. Bb3 Ra7 26. Rge1 Rae7 (26... Nf4 $11 27. Qd6 Qxd6 28. Rxd6 Nh3) 27. Rd2 {[%cal Bd1d2,Bd2d5,Bd5a5][%mdl 32]} Nf4 28. Qe4 a5 29. a3 Ne6 30. Bxe6 Qxe6 31. Rd5 b4 $1 {[%cal Rb4c3]} 32. cxb4 axb4 33. axb4 Ra7 (33... Qh3 $14) 34. Ra5 Qd7 35. Qd5 Qf5+ $1 36. Ka2 $1 Rd7 37. Qc6 Rde7 38. h4 Rc8 (38... h6 $14) 39. Qe4 $36 {[%mdl 2048] [#] Hoping for Qxf5. Black is under strong pressure.} Qe6+ 40. Qd5 Qb6 41. Re4 ({Reject} 41. Rxe5 $6 Rxe5 42. Qxe5 Qxb4 $11) 41... Rd8 42. Qc5 Qe6+ 43. Qc4 Qh3 44. Qb3 Qh1 {With the idea ...Rd1.} 45. Qc3 ({Much weaker is} 45. Raxe5 $6 Rd1 $11) 45... Rd1 $2 (45... h5 $16) 46. Ra8+ $18 ({Weaker is} 46. Raxe5 Ra1+ 47. Kb3 Qd1+ 48. Qc2 Qxf3+ 49. Qc3 Qd1+ 50. Qc2 Qf3+ 51. Qc3 Qd1+ 52. Qc2 Qf3+ $11) 46... Kg7 47. Rxe5 Ra1+ 48. Kb3 {[%cal Re5e7]} Qd1+ 49. Kc4 Rc1 50. Rxe7+ Rxc3+ 51. bxc3 {[%mdl 4096] Endgame KQ-KRR} Qf1+ 52. Kc5 {Threatening mate with Ree8.} Qf2+ $2 (52... Qxf3 53. Rd8 Qf2+ 54. Rd4 h6) 53. Kb5 {Intending Ree8 and mate.White is clearly winning.} Qxh4 54. Raa7 Qxg5+ 55. Ka4 Qd2 56. Rxf7+ Kh6 57. Rac7 Qa2+ 58. Kb5 Qd5+ 59. Kb6 Qe6+ 60. Ka7 Qa2+ 61. Kb8 Qa6 62. Rxh7+ Kg5 63. Rhd7 Qb6+ 64. Rb7 Qc6 65. Rd3 Qc4 66. Rbd7 Qb5+ 67. Kc7 Qa6 {[#]} 68. b5 $1 Qa7+ (68... Qxb5 69. R7d5+) 69. Kc6 Qa8+ 70. Kb6 Qb8+ 71. Ka5 {Precision: White = 68%, Black = 36%.} 1-0

[Event "46th GRE-chT Premier 2018"]
[Site "Rio Achaia"]
[Date "2018.07.12"]
[Round "4"]
[White "Halkias, Stelios"]
[Black "Malikentzos, Sotirios"]
[Result "1/2-1/2"]
[WhiteElo "2570"]
[BlackElo "2420"]
[Annotator "TA"]
[PlyCount "70"]
[EventDate "2018.07.10"]
[EventType "team-tourn"]
[EventCountry "GRE"]
[SourceTitle "playchess.com"]
[Source "ChessBase"]
[SourceQuality "1"]

{[%evp 15,70,23,18,4,8,0,16,-6,0,-4,-21,-12,12,10,6,13,8,0,10,5,0,10,10,0,8,0,0,0,0,0,0,0,54,68,78,0,0,0,0,0,0,0,0,0,0,0,0,0,0,0,0,0,8,8,8,8,65]} 1. Nf3 d5 2. c4 e6 3. g3 Nf6 4. Bg2 dxc4 5. Qa4+ Nbd7 6. Qxc4 a6 7. Qb3 Rb8 8. O-O {A13: English Opening: 1...e6} Bd6 {LiveBook: 3 Games} (8... b5 9. d4 Bb7 10. Bf4 Bd6 11. Nbd2 Bxf4 12. gxf4 c5 13. dxc5 Nxc5 14. Qe3 Qe7 15. Rac1 Rc8 {½-½ (80) Zhou,J (2606)-Andreikin,D (2720) Baku 2015}) 9. d3 O-O 10. Nc3 b5 11. Ng5 $146 ({Predecessor:} 11. Nd4 Rb6 {½-½ (43) Slepankova,R (2005)-Cechalova,E (2115) Morava 1994}) 11... Bb7 12. Bxb7 Rxb7 13. Nge4 Nxe4 14. Nxe4 Nc5 15. Nxc5 Bxc5 16. Qc2 Bd4 17. Bd2 Qd5 18. e3 Bb6 19. a4 Rd8 20. axb5 axb5 21. Ba5 h5 22. Bxb6 Rxb6 23. Rac1 Rdd6 ({Better is} 23... h4 $11) 24. Qxc7 $14 Qxd3 25. Qe7 (25. Qa7 $16) 25... Rb8 $1 $11 {The position is equal.} 26. Rc7 Rf8 27. Rc5 Rd5 28. h4 g6 29. b4 Rfd8 30. Rfc1 Kg7 31. Rxd5 Rxd5 32. Qc7 Qd2 33. e4 Rd7 34. Qe5+ $1 f6 35. Qc5 Qe2 {Precision: White = 70%, Black = 55%.} (35... e5 $11) 1/2-1/2

[Event "46th GRE-chT Premier 2018"]
[Site "Rio Achaia"]
[Date "2018.07.12"]
[Round "4"]
[White "Pavlidis, Antonios"]
[Black "Milonakis, Georgios"]
[Result "1-0"]
[WhiteElo "2564"]
[BlackElo "2200"]
[Annotator "ChessBase"]
[PlyCount "91"]
[EventDate "2018.07.10"]
[EventType "team-tourn"]
[EventCountry "GRE"]
[SourceTitle "playchess.com"]
[Source "ChessBase"]
[SourceQuality "1"]
[TimeControl "40/5400+30:1800+30"]

1. e4 {[%emt 0:00:00]} e5 {[%emt 0:00:00]} 2. Nc3 {[%emt 0:00:00]} Nf6 {[%emt 0:00:40]} 3. d4 {[%emt 0:00:00]} exd4 {[%emt 0:02:57]} 4. Qxd4 {[%emt 0:00:00]} Nc6 {[%emt 0:00:50]} 5. Qd3 {[%emt 0:00:00]} d6 {[%emt 0:02:26]} 6. Be2 {[%emt 0:03:24]} Be6 {[%emt 0:05:11]} 7. Nf3 {[%emt 0:05:23]} h6 {[%emt 0:04:38]} 8. Bf4 {[%emt 0:05:56]} g5 {[%emt 0:06:21]} 9. Bg3 {[%emt 0:07:44]} Bg7 {[%emt 0:04:15]} 10. a3 {[%emt 0:17:51]} Nd7 {[%emt 0:06:31]} 11. Qe3 {[%emt 0:06:39]} a6 {[%emt 0:14:06]} 12. Rd1 {[%emt 0:01:48]} O-O {[%emt 0:02:11]} 13. h4 {[%emt 0:02:35]} g4 {[%emt 0:01:23]} 14. Nh2 {[%emt 0:00:21]} Nce5 {[%emt 0:04:22]} 15. Nd5 {[%emt 0:12:44]} Bxd5 {[%emt 0:03:05]} 16. Rxd5 {[%emt 0:00:03]} Nf6 {[%emt 0:03:21]} 17. Rd1 {[%emt 0:01:25]} Qe7 {[%emt 0:00:58]} 18. O-O {[%emt 0:08:18]} Rfe8 {[%emt 0:03:55]} 19. Rfe1 {[%emt 0:00:45]} Qe6 {[%emt 0:05:14]} 20. b3 {[%emt 0:01:40]} Rad8 {[%emt 0:03:27]} 21. c4 {[%emt 0:05:01]} Ng6 {[%emt 0:05:02]} 22. h5 {[%emt 0:02:49]} Ne5 {[%emt 0:00:53]} 23. Bh4 {[%emt 0:00:15]} Kh7 {[%emt 0:03:33]} 24. Nf1 {[%emt 0:00:58]} Nxh5 {[%emt 0:02:26]} 25. Bxd8 {[%emt 0:00:47]} Rxd8 {[%emt 0:00:05]} 26. f4 {[%emt 0:03:06]} gxf3 {[%emt 0:01:27]} 27. Bxf3 {[%emt 0:00:03]} Ng4 {[%emt 0:02:31]} 28. Bxg4 {[%emt 0:06:02]} Qxg4 {[%emt 0:00:07]} 29. Nh2 {[%emt 0:00:26]} Qg6 {[%emt 0:02:59]} 30. Qf3 {[%emt 0:00:26]} Be5 {[%emt 0:04:01]} 31. Ng4 {[%emt 0:00:48]} Rg8 {[%emt 0:00:14]} 32. Nxe5 {[%emt 0:00:41]} dxe5 {[%emt 0:00:07]} 33. Qf5 {[%emt 0:00:23]} Nf4 {[%emt 0:00:11]} 34. Rd2 {[%emt 0:00:44]} Ne6 {[%emt 0:04:03]} 35. Rd7 {[%emt 0:01:13]} Rg7 {[%emt 0:00:43]} 36. Qxg6+ {[%emt 0:02:21]} Kxg6 {[%emt 0:01:05]} 37. Re3 {[%emt 0:00:04]} f6 {[%emt 0:01:10]} 38. Red3 {[%emt 0:01:40]} Rxd7 {[%emt 0:00:55]} 39. Rxd7 {[%emt 0:00:04]} f5 {[%emt 0:00:14]} 40. exf5+ {[%emt 0:00:00]} Kxf5 {[%emt 0:00:00]} 41. b4 {[%emt 0:01:01]} b6 {[%emt 0:02:17]} 42. Kf2 {[%emt 0:00:36]} h5 {[%emt 0:06:40]} 43. Rh7 {[%emt 0:05:09]} Kg6 {[%emt 0:00:31]} 44. Rh8 {[%emt 0:00:59]} a5 {[%emt 0:02:13]} 45. bxa5 {[%emt 0:00:05]} bxa5 {[%emt 0:00:05]} 46. Ra8 {[%emt 0:00:07]} 1-0

[Event "46th GRE-chT Premier 2018"]
[Site "Rio Achaia"]
[Date "2018.07.12"]
[Round "4"]
[White "Mihok, Oliver"]
[Black "Sadzikowski, Daniel"]
[Result "1/2-1/2"]
[WhiteElo "2550"]
[BlackElo "2567"]
[Annotator "ChessBase"]
[PlyCount "62"]
[EventDate "2018.07.10"]
[EventType "team-tourn"]
[EventCountry "GRE"]
[SourceTitle "playchess.com"]
[Source "ChessBase"]
[SourceQuality "1"]
[TimeControl "40/5400+30:1800+30"]

1. Nf3 {[%emt 0:00:00]} d5 {[%emt 0:00:00]} 2. b3 {[%emt 0:00:11]} Bf5 {[%emt 0:01:57]} 3. Bb2 {[%emt 0:00:17]} e6 {[%emt 0:00:14]} 4. d3 {[%emt 0:01:02]} h6 {[%emt 0:00:54]} 5. Nbd2 {[%emt 0:00:05]} Nf6 {[%emt 0:00:15]} 6. c4 {[%emt 0:04:52]} Bh7 {[%emt 0:06:23]} 7. g3 {[%emt 0:02:03]} Be7 {[%emt 0:10:44]} 8. Bg2 {[%emt 0:00:23]} O-O {[%emt 0:00:19]} 9. O-O {[%emt 0:01:11]} a5 {[%emt 0:05:21]} 10. a3 {[%emt 0:00:42]} Nc6 {[%emt 0:04:20]} 11. cxd5 {[%emt 0:14:08]} exd5 {[%emt 0:00:27]} 12. Re1 {[%emt 0:03:36]} Re8 {[%emt 0:02:40]} 13. Qc2 {[%emt 0:03:57]} Bd6 {[%emt 0:06:44]} 14. Bc3 {[%emt 0:10:59]} Na7 {[%emt 0:07:15]} 15. e4 {[%emt 0:10:16]} dxe4 {[%emt 0:00:25]} 16. dxe4 {[%emt 0:00:31]} Nc6 {[%emt 0:11:15]} 17. Qb2 {[%emt 0:04:29]} Bf8 {[%emt 0:00:15]} 18. Nh4 {[%emt 0:15:15]} Ng4 {[%emt 0:09:44]} 19. Rf1 {[%emt 0:09:17]} b5 {[%emt 0:01:50]} 20. Nf5 {[%emt 0:01:43]} Nge5 {[%emt 0:02:52]} 21. Nf3 {[%emt 0:06:44]} Qf6 {[%emt 0:16:10]} 22. Kh1 {[%emt 0:04:10]} Rad8 {[%emt 0:06:12]} 23. Qc2 {[%emt 0:02:28]} b4 {[%emt 0:02:27]} 24. axb4 {[%emt 0:00:06]} Bxb4 {[%emt 0:00:29]} 25. Bb2 {[%emt 0:01:02]} Bxf5 {[%emt 0:00:56]} 26. exf5 {[%emt 0:00:32]} Qe7 {[%emt 0:01:10]} 27. Rad1 {[%emt 0:00:55]} Rxd1 {[%emt 0:01:02]} 28. Rxd1 {[%emt 0:00:18]} Nxf3 {[%emt 0:00:12]} 29. Bxf3 {[%emt 0:00:22]} Ne5 {[%emt 0:00:11]} 30. Bd5 {[%emt 0:00:50]} Ng4 {[%emt 0:00:28]} 31. h3 {[%emt 0:01:07]} Qe2 {[%emt 0:01:24]} 1/2-1/2

[Event "46th GRE-chT Premier 2018"]
[Site "Rio Achaia"]
[Date "2018.07.12"]
[Round "4"]
[White "Kuljasevic, Davorin"]
[Black "Secheres, Adrian-Simion"]
[Result "1/2-1/2"]
[WhiteElo "2545"]
[BlackElo "2415"]
[Annotator "TA"]
[PlyCount "68"]
[EventDate "2018.07.10"]
[EventType "team-tourn"]
[EventCountry "GRE"]
[SourceTitle "playchess.com"]
[Source "ChessBase"]
[SourceQuality "1"]

{[%evp 14,68,22,24,18,14,20,17,23,-2,23,6,21,17,24,16,16,16,16,16,17,14,24,24,28,20,28,18,28,18,49,17,28,28,28,21,35,19,27,19,19,20,18,21,27,19,17,20,39,11,27,11,41,-16,5,0,45]} 1. d4 d5 2. c4 e6 3. Nf3 a6 4. Bg5 Be7 5. Bxe7 Qxe7 6. Nbd2 {D30: Queen's Gambit Declined: Systems without Nc3} Nf6 7. e3 O-O 8. Rc1 {LiveBook: 8 Games} c6 9. Bd3 Nbd7 10. Qc2 h6 $146 ({Predecessor:} 10... e5 11. cxd5 cxd5 12. dxe5 Nxe5 13. Nxe5 Qxe5 {½-½ (63) Wojtaszek,R (2734)-Bartel,M (2637) Poland 2017}) 11. Qc3 Re8 12. O-O (12. c5 {feels hotter.} e5 13. dxe5 Nxe5 14. Qxe5 Qxe5 15. Nxe5 Rxe5 16. Nf3) 12... e5 13. dxe5 Nxe5 14. Nxe5 Qxe5 15. Qxe5 Rxe5 16. Nf3 Re7 17. c5 Nd7 18. Nd4 Ne5 19. Rc3 Bd7 20. h3 Rae8 21. Be2 Bc8 22. Kh2 g6 23. b4 Nd7 24. a4 Nf6 25. b5 axb5 26. axb5 Ne4 27. Rc2 Bd7 28. bxc6 Bxc6 29. Bd3 Ng5 30. Ra1 Ne6 31. Rcc1 Rc8 32. Ra7 Kf8 33. Nb3 (33. Nxe6+ $14 Rxe6 34. Rb1) 33... Ree8 34. Nd4 Re7 {Precision: White = 57%, Black = 54%.} 1/2-1/2